000 00553cam a2200145 4500500
005 20260208002338.0
041 _afre
042 _adc
100 1 0 _aTillard, Bernadette
_eauthor
245 0 0 _aAnne Véga, Une ethnologue à l’hôpital. L’ambiguïté du quotidien infirmier, Paris, Éditions des archives contemporaines, 2000, 212 p.
260 _c2005.
500 _a59
786 0 _nL'Homme | 173 | 1 | 2005-01-01 | p. 199y-283y | 0439-4216
856 4 1 _uhttps://shs.cairn.info/revue-l-homme-2005-1-page-199y?lang=fr&redirect-ssocas=7080
999 _c1645939
_d1645939